Sostenibilidad Ambiental de Actividades Productivas Sectoriales de Alto Impacto (Registro nro. 8780)
[ vista simple ]
| 000 -CABECERA | |
|---|---|
| Campo de control | 01009nam a22002177a 4500 |
| 005 - FECHA Y HORA DE LA ULTIMA TRANSACCION | |
| Campo de control | 20141111103409.0 |
| 008 - ELEMENTOS DE LONGITUD FIJA—INFORMACION GENERAL | |
| Campo de control | 141111b ck ||||| 2010 00| 0 spa d |
| 041 ## - IDIOMA | |
| Código de idioma para texto/pista de sonido o título separado | Español |
| 044 ## - PAÍS DE PUBLICACIÓN | |
| País de publicación | Colombia |
| 090 ## - CLASIFICACIÓN LOCAL | |
| Colección | EA |
| Consecutivo | 00143 |
| 100 1# - ASIENTO PRINCIPAL--NOMBRE PERSONAL | |
| Nombre personal | Hoyos-Gómez, Carlos Arturo |
| 245 1# - MENCION DE TITULO | |
| Título | Sostenibilidad Ambiental de Actividades Productivas Sectoriales de Alto Impacto |
| Parte restante del título | Transferencia de tecnologías y promoción de prácticas sostenibles en el sector porcícola |
| Mención de responsabilidad | Carlos Arturo, Hoyos-Gómez...(et al.) |
| 260 ## - PUBLICACION, DISTRIBUCION, ETC. (PIE DE IMPRENTA) | |
| Lugar de publicación, distribución, etc. | Valle del Cauca : |
| Nombre del editor, distribuidor, etc. | Corporación Autónoma Regional del Valle del Cauca-CVC, |
| Fecha de publicación, distribución, etc. | 2010. |
| 300 ## - DESCRIPCION FISICA | |
| Extensión | 26 pag. |
| Otros detalles físicos | Fot (col.), graf., tab. |
| Dimensiones | 27 cm. |
| 504 ## - NOTA DE BIBLIOGRAFIA, ETC. | |
| Nota de bibliografía | Incluye referencia bibliográfica (pag 26) |
| 650 ## - ASIENTO SECUNDARIO DE MATERIA - TERMINO TEMATICO | |
| Término temático o nombre geográfico como elemento de entrada | Sostenibilidad Ambiental |
| Subdivisión general | Granjas Porcinas |
| 650 ## - ASIENTO SECUNDARIO DE MATERIA - TERMINO TEMATICO | |
| Subdivisión de forma | Impacto Ambiental |
| Subdivisión general | Planes de Manejo Ambiental |
| 650 ## - ASIENTO SECUNDARIO DE MATERIA - TERMINO TEMATICO | |
| Término temático o nombre geográfico como elemento de entrada | Gestión Industrial |
| Subdivisión general | Implementación de Sistemas de Tratamiento |
| 700 ## - ASIENTO SECUNDARIO - NOMBRE PERSONAL | |
| Nombre personal | Monroy-Salamanca, Elmer Andrés |
| 942 ## - ELEMENTOS ADICIONALES (KOHA) | |
| Sistema de clasificación | Local |
| Tipo de ítem | Libro |
| Withdrawn status | Lost status | Sistema de Clasificación | Damaged status | No para préstamo | Colección | Inventariado | Ubicación Permanente | Ubicación actual | Fecha de adquisición | Fuente de Valor | Valor | Total Checkouts | Número topográfico | Inventario / Código de Barras | Date last seen | Ejemplar | Price effective from | Forma de adquisición | Tipo de material |
|---|---|---|---|---|---|---|---|---|---|---|---|---|---|---|---|---|---|---|---|
| Local | Educación Ambiental | Inventariado 2017 | Sala Fabio Quevedo | Sala Fabio Quevedo | 11/11/2014 | Instituto | 39000.00 | EA-00143 | 034810 | 11/11/2014 | Ej. 1 | 11/11/2014 | Libro |